QUEST Central Library Banner

Intelligent Drawings: managing CAD and Information Systems in the Design Office (Record no. 10031)

MARC details
000 -LEADER
fixed length control field 00491nam a2200169 4500
020 ## - INTERNATIONAL STANDARD BOOK NUMBER
ISBN 0070553173
020 ## - INTERNATIONAL STANDARD BOOK NUMBER
ISBN 978-0070553170
082 ## - DEWEY DECIMAL CLASSIFICATION NUMBER
Classification number SCH
100 ## - MAIN ENTRY--AUTHOR NAME
Personal name Schilling, Terrence G.
245 ## - TITLE STATEMENT
Title Intelligent Drawings: managing CAD and Information Systems in the Design Office
260 ## - PUBLICATION, DISTRIBUTION, ETC. (IMPRINT)
Place of publication New York:
Name of publisher McGraw-Hill,
Year of publication 1987.
300 ## - PHYSICAL DESCRIPTION
Number of Pages 248p. ;
650 ## - SUBJECT ADDED ENTRY--TOPICAL TERM
Topical Term Engineering design--Data processing.
650 ## - SUBJECT ADDED ENTRY--TOPICAL TERM
Topical Term Computer-aided design.
700 ## - ADDED ENTRY--PERSONAL NAME
Personal name Schilling, Patricia M.
942 ## - ADDED ENTRY ELEMENTS (KOHA)
Koha item type Books
Holdings
Withdrawn status Lost status Home library Current library Date acquired Full call number Accession Number Koha item type
    Central Library, QUEST, Nawabshah Central Library, QUEST, Nawabshah 17/09/2014 620/.00425/00285SCH 16595 Books
    Central Library, QUEST, Nawabshah Central Library, QUEST, Nawabshah 17/09/2014 620/.00425/00285SCH 16596 Books

Copyright © 2018,The QUEST, Nawabshah, Shaheed Benazirabad. All rights reserved
Mr. G. Farooq Channar (Librarian) QUEST, Nawabshah, Sindh, Pakistan 67480.
 Ph#: |   0244-9370381-4 Ext. 2308   Email| lib@quest.edu.pk   Web|  http://www.quest.edu.pk